[Event "HUN-chT4 1617"]
[Site "Hungary"]
[Date "2017.04.23"]
[Round "7.3"]
[White "Nagy, Istvan"]
[Black "Balogh, Szabolcs"]
[Result "0-1"]
[WhiteElo "1765"]
[BlackElo "1795"]
[PlyCount "98"]
[EventDate "2016.10.02"]
[EventType "team-tourn"]
[EventRounds "7"]
[EventCountry "HUN"]
[SourceTitle "EXT 2019"]
[Source "ChessBase"]
[SourceDate "2018.10.10"]
[SourceVersion "1"]
[SourceVersionDate "2018.10.10"]
[SourceQuality "1"]

1. e4 d5 2. exd5 Nf6 3. c4 c6 4. dxc6 Nxc6 5. Nf3 e5 6. d3 e4 7. dxe4 Qxd1+ 8. Kxd1 Nxe4 9. Be3 Bf5 10. Nbd2 0-0-0 11. Kc1 Nc5 12. Nh4 Nd3+ 13. Bxd3 Bxd3 14. a3 h6 15. Nhf3 g5 16. Ne1 Bg6 17. Nc2 Bg7 18. f4 g4 19. Rf1 Bd3 20. Re1 Rhe8 21. Nb4 Bd4 22. Nxd3 Bxe3 23. Kc2 Nd4+ 24. Kd1 Bxd2 25. Kxd2 Nb3+ 26. Kc3 Nxa1 27. Rxa1 Re3 28. Rd1 f5 29. Rd2 Kc7 30. b4 h5 31. a4 h4 32. a5 h3 33. gxh3 Rxh3 34. c5 Rdh8 35. Re2 Rxh2 36. Re7+ Kc8 37. c6 bxc6 38. Rxa7 R2h7 39. Ra6 Kc7 40. Ne5 Rh6 41. Nf7 Rh3+ 42. Kc4 Rg8 43. Ra7+ Kb8 44. Re7 g3 45. Kc5 g2 46. Nd6 g1Q+ 47. Kxc6 Rc3+ 48. Kb5 Qd4 49. Rb7+ Ka8 0-1

[Event "HUN-chT4 Chalupetzky 1516"]
[Site "Fertoszentmiklos"]
[Date "2016.04.10"]
[Round "7.5"]
[White "Nagy, Istvan"]
[Black "Pesti, Mate"]
[Result "1/2-1/2"]
[WhiteElo "1792"]
[BlackElo "1647"]
[PlyCount "106"]
[EventDate "2015.10.11"]
[EventType "team-tourn"]
[EventRounds "7"]
[EventCountry "HUN"]
[SourceTitle "EXT 2017"]
[Source "ChessBase"]
[SourceDate "2016.10.25"]
[SourceVersion "1"]
[SourceVersionDate "2016.10.25"]
[SourceQuality "1"]
[WhiteTeam "Fertoszentmiklos"]
[BlackTeam "Gyor Bastya"]
[WhiteTeamCountry "HUN"]
[BlackTeamCountry "HUN"]

1. e4 c5 2. Nf3 Nc6 3. d4 cxd4 4. Nxd4 g6 5. c3 Bg7 6. Be3 Nf6 7. f3 0-0 8. Nd2 d5 9. Nxc6 bxc6 10. Bd3 Qc7 11. Qc2 Be6 12. Nb3 dxe4 13. Bxe4 Nxe4 14. fxe4 Bxb3 15. axb3 Rfd8 16. 0-0 e6 17. Qf2 Rd7 18. Ra4 a6 19. Rfa1 h5 20. Qe2 Qb7 21. b4 Qb5 22. Qxb5 cxb5 23. Rxa6 Rd1+ 24. Rxd1 Rxa6 25. Kf1 Ra2 26. Rb1 Be5 27. g3 Kg7 28. Bf4 Kf6 29. h4 Bxf4 30. gxf4 e5 31. Ke2 exf4 32. Kf3 g5 33. hxg5+ Kxg5 34. Rg1+ Kf6 35. Rg2 Ra1 36. Kxf4 Rh1 37. Rd2 h4 38. Rd6+ Ke7 39. Rd5 Rb1 40. Rxb5 Rxb2 41. Kg4 Re2 42. Re5+ Kd6 43. Rd5+ Ke6 44. Rd4 Re3 45. c4 h3 46. Kf4 h2 47. Rd1 Rc3 48. c5 Rc4 49. Rd6+ Ke7 50. Rh6 Rxb4 51. Rxh2 Rc4 52. Rh4 Ke6 53. Ke3 Rxc5 1/2-1/2

[Event "HUN-chT4a 1516"]
[Site "Hungary"]
[Date "2016.02.27"]
[Round "8.5"]
[White "Vasvari, Attila"]
[Black "Nagy, Istvan"]
[Result "1/2-1/2"]
[WhiteElo "1621"]
[BlackElo "1795"]
[PlyCount "108"]
[EventDate "2015.10.17"]
[EventType "team-tourn"]
[EventRounds "8"]
[EventCountry "HUN"]
[SourceTitle "EXT 2019"]
[Source "ChessBase"]
[SourceDate "2018.10.10"]
[SourceVersion "1"]
[SourceVersionDate "2018.10.10"]
[SourceQuality "1"]

1. e4 g6 2. d4 Bg7 3. Nf3 d6 4. Bc4 Nf6 5. Nc3 0-0 6. h3 c5 7. dxc5 dxc5 8. 0-0 Nc6 9. Bf4 a6 10. Re1 b5 11. Qxd8 Rxd8 12. Bd5 Bb7 13. Ne5 Nxd5 14. exd5 Nd4 15. Rac1 Bxd5 16. Nxd5 Rxd5 17. c3 Ne6 18. Bg3 Rd2 19. Rb1 Bxe5 20. Bxe5 Rad8 21. Kf1 f6 22. Bxf6 Kf7 23. Bh4 g5 24. Bg3 Rc2 25. Re2 Rxe2 26. Kxe2 c4 27. Rd1 Rxd1 28. Kxd1 Nc5 29. Kc2 Kf6 30. f3 Nd3 31. b3 Kf5 32. h4 h6 33. hxg5 hxg5 34. bxc4 bxc4 35. Kd2 e5 36. Ke3 a5 37. Bh2 Nc5 38. g4+ Ke6 39. Kd2 Kd5 40. Bg1 Ne6 41. Bb6 a4 42. Kc2 e4 43. fxe4+ Kxe4 44. Kb2 Kd3 45. Ba5 Nc5 46. Bd8 Ne4 47. Ba5 a3+ 48. Kxa3 Nxc3 49. Kb2 Ne2 50. Bd8 c3+ 51. Ka3 Nd4 52. Bxg5 Nc2+ 53. Kb3 Nd4+ 54. Ka3 Nc2+ 1/2-1/2

[Event "HUN-chT4a 1516"]
[Site "Hungary"]
[Date "2015.11.28"]
[Round "4.4"]
[White "Lukacsi, Zsolt"]
[Black "Nagy, Istvan"]
[Result "1-0"]
[WhiteElo "1642"]
[BlackElo "1795"]
[PlyCount "124"]
[EventDate "2015.10.17"]
[EventType "team-tourn"]
[EventRounds "8"]
[EventCountry "HUN"]
[SourceTitle "EXT 2019"]
[Source "ChessBase"]
[SourceDate "2018.10.10"]
[SourceVersion "1"]
[SourceVersionDate "2018.10.10"]
[SourceQuality "1"]

1. e4 g6 2. d4 Bg7 3. c3 d6 4. Nf3 Nf6 5. Bd3 0-0 6. 0-0 Bg4 7. h3 Bxf3 8. Qxf3 Nbd7 9. Bf4 c5 10. d5 Rc8 11. Nd2 a6 12. a4 Nh5 13. Bh2 Ne5 14. Qe3 Nxd3 15. Qxd3 Be5 16. Ra2 Bxh2+ 17. Kxh2 Qc7 18. Kh1 c4 19. Qd4 e5 20. Qe3 Nf4 21. a5 Qc5 22. Qxc5 Rxc5 23. g3 Nd3 24. Kg2 Rfc8 25. f3 Rb5 26. Rb1 Rcc5 27. Kf1 f5 28. Ke2 fxe4 29. fxe4 Nb4 30. cxb4 Rxb4 31. Rc1 Kf8 32. Rc3 Ke8 33. Nf3 Rcb5 34. Ke3 Kd7 35. g4 b6 36. axb6 Rxb6 37. Nd2 Rxb2 38. Rxb2 Rxb2 39. Rxc4 Ra2 40. Kd3 a5 41. Kc3 a4 42. h4 Ra3+ 43. Kc2 Rh3 44. h5 a3 45. hxg6 hxg6 46. Ra4 Ke7 47. Nc4 Rg3 48. Rxa3 Rxg4 49. Ra7+ Kf6 50. Nxd6 Rg3 51. Nc4 Rh3 52. Ra6+ Kg5 53. d6 Kf4 54. d7 Rh8 55. Nd6 Rd8 56. Ra7 g5 57. Nf7 Rxd7 58. Rxd7 g4 59. Rd1 Kxe4 60. Kd2 Kf4 61. Rf1+ Kg3 62. Nxe5 Kh3 1-0

[Event "HUN-chT4 Chalupetzky 1516"]
[Site "Fertoszentmiklos"]
[Date "2015.11.15"]
[Round "2.6"]
[White "Pal, Istvan"]
[Black "Nagy, Istvan"]
[Result "1-0"]
[WhiteElo "1581"]
[BlackElo "1792"]
[PlyCount "115"]
[EventDate "2015.10.11"]
[EventType "team-tourn"]
[EventRounds "7"]
[EventCountry "HUN"]
[SourceTitle "EXT 2017"]
[Source "ChessBase"]
[SourceDate "2016.10.25"]
[SourceVersion "1"]
[SourceVersionDate "2016.10.25"]
[SourceQuality "1"]
[WhiteTeam "UDSE II"]
[BlackTeam "Fertoszentmiklos"]
[WhiteTeamCountry "HUN"]
[BlackTeamCountry "HUN"]

1. e4 g6 2. d4 Bg7 3. c3 d6 4. Bd3 Nf6 5. Ne2 c5 6. Nd2 cxd4 7. cxd4 Nc6 8. 0-0 0-0 9. a3 Qb6 10. Nc4 Qc7 11. b4 Ng4 12. Be3 d5 13. Bf4 e5 14. Nxe5 Bxe5 15. dxe5 dxe4 16. Bxe4 Qe7 17. Bxc6 bxc6 18. Qd6 Qxd6 19. exd6 Ba6 20. Rfe1 Rad8 21. Nd4 Bb7 22. Rac1 g5 23. Bxg5 Rxd6 24. Nf5 Re6 25. Rxe6 fxe6 26. Ne7+ Kg7 27. f3 Ne5 28. Re1 Nf7 29. Bh4 Nd8 30. Rd1 Kf7 31. Nxc6 Bxc6 32. Rxd8 Rxd8 33. Bxd8 Ke8 34. Bf6 Kd7 35. Kf2 Kd6 36. Ke3 Kd5 37. Bd4 a6 38. Bb2 Kc4 39. g4 Kb3 40. Bc1 Kc2 41. Bd2 Kb3 42. f4 Kxa3 43. f5 exf5 44. gxf5 Kb3 45. f6 Be8 46. Kf4 Kc2 47. Be1 Kd1 48. Bf2 Ke2 49. Bc5 Kd3 50. Ke5 Kc4 51. Bd6 Bf7 52. Bf8 Kb5 53. Kd6 a5 54. bxa5 Kxa5 55. Ke7 Bg6 56. f7 Kb5 57. Bg7 Bxf7 58. Kxf7 1-0

[Event "HUN-chT4a 1516"]
[Site "Hungary"]
[Date "2015.10.17"]
[Round "2.12"]
[White "Szabo, Laszlo Jr"]
[Black "Nagy, Istvan"]
[Result "0-1"]
[WhiteElo "1476"]
[BlackElo "1795"]
[PlyCount "114"]
[EventDate "2015.10.17"]
[EventType "team-tourn"]
[EventRounds "8"]
[EventCountry "HUN"]
[SourceTitle "EXT 2019"]
[Source "ChessBase"]
[SourceDate "2018.10.10"]
[SourceVersion "1"]
[SourceVersionDate "2018.10.10"]
[SourceQuality "1"]

1. d4 g6 2. c4 Bg7 3. e3 d6 4. Nc3 Nf6 5. Bd3 0-0 6. Nf3 Bg4 7. h3 Bxf3 8. Qxf3 c6 9. b3 Nh5 10. g4 Nf6 11. Bb2 Nbd7 12. 0-0-0 Rc8 13. Kb1 a6 14. Qg2 b5 15. g5 Ne8 16. h4 f5 17. f4 e5 18. dxe5 dxe5 19. h5 e4 20. Be2 Qe7 21. hxg6 hxg6 22. Qh3 Kf7 23. cxb5 axb5 24. Nxb5 cxb5 25. Bxg7 Nxg7 26. Bxb5 Nb6 27. Qg2 Rfd8 28. Rxd8 Qxd8 29. Qb2 Nh5 30. b4 Nc4 31. Bxc4+ Rxc4 32. Qb3 Qd3+ 33. Kb2 Ke7 34. Rd1 Qxb3+ 35. Kxb3 Rc6 36. b5 Rd6 37. Rxd6 Kxd6 38. Kc4 Ng7 39. a4 Ne6 40. a5 Kc7 41. Kb4 Kb7 42. Kc4 Kc7 43. Kb4 Kd6 44. Kc4 Nd8 45. Kd4 Ne6+ 46. Kc4 Kc7 47. Kb4 Ng7 48. Kc4 Nh5 49. Kd4 Ng3 50. Ke5 Ne2 51. Kf6 Nxf4 52. Ke5 Nh5 53. Kd4 Ng3 54. Ke5 Nf1 55. Kf6 f4 56. Kxg6 fxe3 57. Kh7 e2 0-1

[Event "HUN-chT4 Chalupetzky 1516"]
[Site "Fertoszentmiklos"]
[Date "2015.10.11"]
[Round "1.4"]
[White "Nagy, Istvan"]
[Black "Koberl, Sandor"]
[Result "1-0"]
[WhiteElo "1792"]
[BlackElo "1701"]
[PlyCount "53"]
[EventDate "2015.10.11"]
[EventType "team-tourn"]
[EventRounds "7"]
[EventCountry "HUN"]
[SourceTitle "EXT 2017"]
[Source "ChessBase"]
[SourceDate "2016.10.25"]
[SourceVersion "1"]
[SourceVersionDate "2016.10.25"]
[SourceQuality "1"]
[WhiteTeam "Fertoszentmiklos"]
[BlackTeam "Gonyu"]
[WhiteTeamCountry "HUN"]
[BlackTeamCountry "HUN"]

1. e4 e5 2. Nf3 d6 3. Bc4 h6 4. d4 Qf6 5. dxe5 dxe5 6. Qd5 Bd6 7. Qb5+ c6 8. Qb3 b5 9. Be2 Ne7 10. c4 Be6 11. Qc2 b4 12. c5 Bc7 13. Be3 a5 14. Nbd2 0-0 15. Nc4 Bxc4 16. Qxc4 Rd8 17. 0-0 Nd7 18. Rad1 Nf8 19. Rxd8 Bxd8 20. Rd1 Bc7 21. h4 Qe6 22. Qxe6 Nxe6 23. Rd7 Bd8 24. Nxe5 Kf8 25. Bc4 Ke8 26. Bxe6 fxe6 27. Rd6 1-0

[Event "HUN-chT2 Breyer 1415"]
[Site "Hungary"]
[Date "2015.03.22"]
[Round "?"]
[White "Nagy, Istvan"]
[Black "Kelemen, Szabolcs"]
[Result "0-1"]
[WhiteElo "1647"]
[BlackElo "1440"]
[PlyCount "54"]
[EventDate "2014.09.07"]
[EventType "team-tourn"]
[EventRounds "11"]
[EventCountry "HUN"]
[SourceTitle "EXT 2016"]
[Source "ChessBase"]
[SourceDate "2015.10.08"]
[SourceVersion "1"]
[SourceVersionDate "2015.10.08"]
[SourceQuality "1"]
[WhiteTeam "Szechenyi"]
[BlackTeam "Torokbalint"]
[WhiteTeamCountry "HUN"]
[BlackTeamCountry "HUN"]

1. e4 c5 2. Nf3 Nc6 3. d4 cxd4 4. Nxd4 g6 5. Be3 Nf6 6. Nc3 Bg7 7. Bc4 0-0 8. Bb3 Ng4 9. Qxg4 Nxd4 10. 0-0-0 Nxb3+ 11. axb3 Qa5 12. Bd4 e5 13. Be3 d5 14. Qe2 d4 15. Nb1 dxe3 16. Qxe3 Be6 17. f3 Rac8 18. g4 Qb4 19. Nd2 Rc6 20. h4 h6 21. Rh2 Rfc8 22. c3 Rxc3+ 23. bxc3 Rxc3+ 24. Qxc3 Qxc3+ 25. Kb1 Bxb3 26. Nxb3 Qxb3+ 27. Kc1 Bf8 0-1

[Event "HUN-chT4a 1415"]
[Site "Hungary"]
[Date "2015.03.08"]
[Round "6.1"]
[White "Villanyi, Laszlo"]
[Black "Nagy, Istvan"]
[Result "1-0"]
[WhiteElo "1805"]
[BlackElo "1846"]
[PlyCount "63"]
[EventDate "2014.10.19"]
[EventType "team-tourn"]
[EventRounds "7"]
[EventCountry "HUN"]
[SourceTitle "EXT 2016"]
[Source "ChessBase"]
[SourceDate "2015.10.08"]
[SourceVersion "1"]
[SourceVersionDate "2015.10.08"]
[SourceQuality "1"]

1. e4 g6 2. d4 Bg7 3. Nc3 d6 4. Be3 Nf6 5. Be2 0-0 6. Qd2 Ng4 7. Bxg4 Bxg4 8. f3 Bd7 9. 0-0-0 a5 10. h4 f5 11. h5 Qe8 12. hxg6 Qxg6 13. Nh3 e6 14. Nf4 Qf7 15. Nh5 Re8 16. Bh6 Bh8 17. Rh3 Qe7 18. Rdh1 Nc6 19. Rg3+ Kf7 20. Bg5 Qf8 21. Nf4 Qg7 22. e5 dxe5 23. Nh5 Qf8 24. Nf6 Bxf6 25. Bxf6 f4 26. Rxh7+ Kxf6 27. dxe5+ Kxe5 28. Rg5+ Qf5 29. Rxf5+ Kxf5 30. Qxd7 Rad8 31. Qf7+ Ke5 32. Qxc7+ 1-0

[Event "HUN-chT4 1314"]
[Site "Hungary"]
[Date "2014.03.16"]
[Round "8.3"]
[White "Nagy, Istvan"]
[Black "Mak, Janos"]
[Result "1-0"]
[WhiteElo "1848"]
[BlackElo "1799"]
[PlyCount "111"]
[EventDate "2013.10.13"]
[EventType "team-tourn"]
[EventRounds "11"]
[EventCountry "HUN"]
[SourceTitle "EXT 2016"]
[Source "ChessBase"]
[SourceDate "2015.10.08"]
[SourceVersion "1"]
[SourceVersionDate "2015.10.08"]
[SourceQuality "1"]

1. e4 e5 2. Nf3 Nc6 3. Bb5 Bc5 4. 0-0 Nf6 5. Bxc6 dxc6 6. Nxe5 Qd4 7. Nf3 Bg4 8. Nxd4 Bxd1 9. Rxd1 Bxd4 10. d3 0-0-0 11. Rf1 Rhe8 12. Nc3 b5 13. Be3 Kb7 14. h3 a6 15. Bxd4 Rxd4 16. Ne2 Rd7 17. f4 Nd5 18. Kf2 Nb4 19. Rfc1 c5 20. g4 c4 21. dxc4 Rxe4 22. a3 Rd2 23. axb4 Rexe2+ 24. Kg3 bxc4 25. Re1 Rxc2 26. Rxe2 Rxe2 27. Rc1 Re4 28. Kf3 Rd4 29. Ke3 Rd3+ 30. Ke4 Rxh3 31. Rxc4 Rb3 32. g5 Kb6 33. Kf5 Rxb2 34. Re4 Kc6 35. Re7 Rd2 36. Rxf7 Rd7 37. Ke6 Rd4 38. Rf5 h6 39. g6 h5 40. Kf7 Rd7+ 41. Kg8 h4 42. Rh5 Kd6 43. Rxh4 Ke6 44. Rh5 Kf6 45. Kh7 Rd4 46. Rc5 Rd7 47. Rc6+ Kf5 48. Rxa6 Kxf4 49. Ra5 Re7 50. Rc5 Rd7 51. Kg8 Re7 52. Ra5 Ke4 53. Ra7 Re6 54. Kxg7 Kd5 55. Ra5+ Kc4 56. Rc5+ 1-0

[Event "HUN-chT4 1314"]
[Site "Hungary"]
[Date "2014.01.19"]
[Round "6.2"]
[White "Nagy, Istvan"]
[Black "Acs, Gyorgy"]
[Result "1/2-1/2"]
[WhiteElo "1866"]
[BlackElo "1780"]
[PlyCount "133"]
[EventDate "2013.10.13"]
[EventType "team-tourn"]
[EventRounds "11"]
[EventCountry "HUN"]
[SourceTitle "EXT 2016"]
[Source "ChessBase"]
[SourceDate "2015.10.08"]
[SourceVersion "1"]
[SourceVersionDate "2015.10.08"]
[SourceQuality "1"]

1. e4 d6 2. d4 Nf6 3. Bd3 g6 4. c3 Bg7 5. Nf3 0-0 6. 0-0 c5 7. d5 Nbd7 8. Bf4 Nh5 9. Bg3 Nb6 10. Nbd2 Bd7 11. a4 a5 12. Qc2 Nxg3 13. fxg3 e5 14. b3 Nc8 15. Nc4 b5 16. axb5 Bxb5 17. Ra2 Bxc4 18. Bxc4 Nb6 19. Bd3 Qc7 20. Rfa1 c4 21. bxc4 Nxc4 22. Bxc4 Qxc4 23. Ra4 Qc7 24. Nd2 Bh6 25. h3 Rfc8 26. c4 Bxd2 27. Qxd2 Qb6+ 28. Kh2 Rc5 29. Qa2 Qc7 30. Rb1 Kg7 31. Qb3 Rc8 32. Rc1 Rb8 33. Qc3 Qb6 34. g4 Qc7 35. Kg3 Qb6 36. Kf3 Qb3 37. Ra3 Qxc3+ 38. Rcxc3 Rb4 39. Ke3 Rb2 40. g3 Rh2 41. h4 Rg2 42. Kf3 Rb2 43. g5 h6 44. gxh6+ Kxh6 45. Ra1 f5 46. Rac1 a4 47. exf5 gxf5 48. Ke3 Rg2 49. Kf3 Rb2 50. g4 Kg6 51. gxf5+ Kxf5 52. Rf1 Rb4 53. Ke3+ Kg4 54. Rf6 Kxh4 55. Rxd6 Rbxc4 56. Rd3 Kg5 57. Rd1 Kf5 58. Rd8 Rc3+ 59. Ke2 R3c4 60. Ke1 a3 61. d6 Rc8 62. Rxc8 Rxc8 63. d7 Rd8 64. Ra1 e4 65. Rxa3 Rxd7 66. Ra8 Kf4 67. Ke2 1/2-1/2

[Event "HUN-chT4 1112"]
[Site "Hungary"]
[Date "2012.01.22"]
[Round "5.4"]
[White "Nagy, Istvan"]
[Black "Banovics, Gabor"]
[Result "1-0"]
[WhiteElo "1465"]
[BlackElo "1744"]
[PlyCount "93"]
[EventDate "2011.09.11"]
[EventType "team-tourn"]
[EventRounds "9"]
[EventCountry "HUN"]
[SourceTitle "EXT 2016"]
[Source "ChessBase"]
[SourceDate "2015.10.08"]
[SourceVersion "1"]
[SourceVersionDate "2015.10.08"]
[SourceQuality "1"]

1. e4 c6 2. d4 d5 3. e5 Bf5 4. Bd3 Bxd3 5. Qxd3 e6 6. Ne2 Qb6 7. 0-0 c5 8. c3 Nc6 9. a3 Nge7 10. b4 cxd4 11. cxd4 Nf5 12. Be3 Be7 13. Nd2 0-0 14. Nf3 f6 15. exf6 Bxf6 16. g4 Nd6 17. g5 Be7 18. Ne5 Qd8 19. f4 a6 20. Ng3 Nf5 21. Nxf5 exf5 22. Nxc6 bxc6 23. Rac1 Qd7 24. Rc2 a5 25. Bd2 axb4 26. axb4 Rab8 27. Rfc1 Rfc8 28. Rb1 Bf8 29. Ra2 Rb6 30. Kf2 Re8 31. Ra6 Reb8 32. Qa3 Qb7 33. Ra7 Qc8 34. h4 Qe8 35. Re1 Qh5 36. Qe3 Qxh4+ 37. Ke2 Bxb4 38. Rxg7+ Kh8 39. Qe5 Qg4+ 40. Kd3 Qf3+ 41. Kc2 Qb3+ 42. Kxb3 Bd6+ 43. Kc2 Bxe5 44. Rf7 Rb2+ 45. Kd3 R8b3+ 46. Bc3 Bxf4 47. Re8# 1-0

[Event "HUN-chT4 1112"]
[Site "Hungary"]
[Date "2011.10.16"]
[Round "2.1"]
[White "Nagy, Istvan"]
[Black "Torok, Attila"]
[Result "1-0"]
[WhiteElo "1465"]
[BlackElo "1813"]
[PlyCount "67"]
[EventDate "2011.09.11"]
[EventType "team-tourn"]
[EventRounds "9"]
[EventCountry "HUN"]
[SourceTitle "EXT 2016"]
[Source "ChessBase"]
[SourceDate "2015.10.08"]
[SourceVersion "1"]
[SourceVersionDate "2015.10.08"]
[SourceQuality "1"]

1. e4 c6 2. d4 d5 3. e5 Nd7 4. Nf3 h6 5. Be2 e6 6. 0-0 c5 7. c3 Qb6 8. Qc2 Ne7 9. Be3 Nf5 10. g4 Nxe3 11. fxe3 Be7 12. Rf2 Qc6 13. Nbd2 b6 14. a4 a6 15. Raf1 Bb7 16. Ne1 Bg5 17. Ng2 0-0-0 18. h4 Be7 19. Rxf7 Rde8 20. Rxg7 Rhf8 21. Rxf8 Bxf8 22. Rf7 Re7 23. Rxe7 Bxe7 24. Nf3 Nf8 25. g5 Qe8 26. gxh6 Qh5 27. h7 Qh6 28. Ng5 c4 29. Bg4 Bc6 30. Nxe6 Nxe6 31. Bxe6+ Bd7 32. Bxd7+ Kxd7 33. Qf5+ Ke8 34. h5 1-0

[Event "HUN-chT4 1112"]
[Site "Hungary"]
[Date "2011.09.11"]
[Round "1.3"]
[White "Farkas, Istvan"]
[Black "Nagy, Istvan"]
[Result "1/2-1/2"]
[WhiteElo "1568"]
[BlackElo "1465"]
[PlyCount "127"]
[EventDate "2011.09.11"]
[EventType "team-tourn"]
[EventRounds "9"]
[EventCountry "HUN"]
[SourceTitle "EXT 2016"]
[Source "ChessBase"]
[SourceDate "2015.10.08"]
[SourceVersion "1"]
[SourceVersionDate "2015.10.08"]
[SourceQuality "1"]

1. d4 g6 2. c4 Bg7 3. Nc3 d6 4. Nf3 Nf6 5. e4 0-0 6. Be2 c5 7. d5 Nbd7 8. 0-0 a6 9. Qc2 Ne5 10. Nxe5 dxe5 11. h3 Ne8 12. Be3 b6 13. Bd3 Nd6 14. f3 f5 15. a4 f4 16. Bf2 Bd7 17. Rab1 Qc8 18. Kh2 a5 19. b3 g5 20. Rh1 Rf6 21. g4 fxg3+ 22. Kxg3 Rh6 23. Bf1 Rh4 24. Be3 Bf6 25. Qg2 Qe8 26. Kf2 Qg6 27. Ke2 Rf8 28. Qg3 g4 29. Rg1 h5 30. Kd3 Kh7 31. Be2 Rxh3 32. Qg2 g3 33. Rh1 Rxh1 34. Rxh1 h4 35. Bf1 h3 36. Ne2 Bh4 37. Rxh3 Bxh3 38. Qxh3 Qf6 39. Nxg3 Kg6 40. Be2 Bxg3 41. Qxg3+ Kf7 42. f4 Qg6 43. Qxg6+ Kxg6 44. fxe5 Nb7 45. Bg4 Rh8 46. Bf5+ Kf7 47. Bg5 Rh5 48. e6+ Kf8 49. Bf4 Nd6 50. Bg6 Rh3+ 51. Kc2 Rh4 52. Bxd6 exd6 53. Kd3 Rh3+ 54. Kc2 Ke7 55. Bf5 Rg3 56. Bh7 Kf6 57. Bf5 Rg7 58. Kd2 Ke5 59. Kc3 Re7 60. Bg6 Kf4 61. Kd3 Rg7 62. Bf5 Ke5 63. Kc3 Rg3+ 64. Kc2 1/2-1/2